00682nam a2200157 a 4500003000200000005001700002008004100019050002800060100003600088245015600124260009000280300004000370504004100410650003300451650004000484020250422111854.0060728s19uu xx 00 eng d aPHS HQ 755.8b.D45 2006 aDelos Reyes, Raphaelle Carla C. aEffects of the family treatment of the elderly on their children's decision to treat their own elderly in the future /cRaphaelle Carla C. Delos Reyes. aLas Piñas City, Philippines :bSouthville International School and Colleges,c2006. a36 pages :billustrations ;c28 cm. aIncludes bibliographical references. aIntergenerational relations. aOlder peoplexFamily relationships.